Celebs Eating Ice Cream Quiz Stats

Quiz Updated Jun 22, 2013

Challenge
Share
Tweet
Score 0/30 Timer 06:00
1 Play Today
% Correct
Bill Clinton
93.1%
Barack Obama
92.9%
Jack Black
88.2%
John F. Kennedy
87.5%
Bill Cosby
80.2%
Jerry Seinfeld
78%
Paris Hilton
71.7%
Vince Vaughn
71.1%
Prince Charles
66%
Arnold Schwarzenegger
64.9%
Jennifer Lopez
62.4%
Al Gore
61.3%
Kim Kardashian
59.2%
Katie Holmes
59.1%
Rihanna
58.4%
% Correct
Magic Johnson
54.8%
Kevin Spacey
53.6%
Camilla Parker-Bowles
49.5%
Joe Biden
46.1%
Whitney Houston
45.2%
Sofia Vergara
38.7%
David Beckham
38.4%
Mike 'The Situation' Sorrentino
35.7%
Anthony Bourdain
33%
Cate Blanchett
32.7%
Heidi Klum
27%
Mia Farrow
25.1%
Andrew Garfield
20.5%
Marvin Gaye
8.6%
Bette Davis
6.6%

You're not logged in!

Compare scores with friends on all Sporcle quizzes.
Sign Up with Email
OR
Log In

You Might Also Like...

Show Comments

Extras

Top Quizzes Today


Score Distribution

Your Account Isn't Verified!

In order to create a playlist on Sporcle, you need to verify the email address you used during registration. Go to your Sporcle Settings to finish the process.